000 00571nam a22002417a 4500
003 OSt
005 20180116183003.0
008 150804b xxu||||| |||| 00| 0 eng d
020 _a9789351112129
022 _a9789351112129
040 _c0
050 _a659.1
082 _a659.1
100 _aShaikh,Javed
245 _aAdvertising Research.
_cJaved Shaikh
250 _a1st.
260 _aNew Delhi
_bRandom Publications.
_c2014
300 _a280p.
500 _aHard Cover
600 _aShaikh,Javed
700 _aShaikh,Javed
942 _2ddc
_cBK
_k659.1
999 _c349957
_d349957